[Event "French Training"]
[Site "SchemingMind.com"]
[Date "2013.07.30"]
[Round "-"]
[White "Louis Lima"]
[Black "Olli Ylönen"]
[Result "0-1"]
[WhiteCountry "ESP"]
[BlackCountry "FIN"]
[WhiteElo "1771"]
[WhiteRD "67"]
[BlackElo "1847"]
[BlackRD "59"]
[GameID "335452"]

1. e4 e6 2. b3 d5 3. Bb2 dxe4 4. Nc3 Nf6 5. Qe2 Bb4 6. O-O-O Bxc3 7. dxc3 Qe7 8. f3 exf3 9. Nxf3 Nc6 10. c4 Bd7
0-1

[Event "French Training"]
[Site "SchemingMind.com"]
[Date "2013.07.29"]
[Round "-"]
[White "Till Plewe"]
[Black "Louis Lima"]
[Result "1-0"]
[WhiteCountry "JPN"]
[BlackCountry "ESP"]
[WhiteElo "2395"]
[WhiteRD "71"]
[BlackElo "1910"]
[BlackRD "67"]
[GameID "335633"]

1. e4 e6 2. d4 d5 3. Nc3 Nf6 4. e5 Nfd7 5. f4 c5 6. Nf3 Nc6 7. Be3 a6 8. Qd2 b5 9. a3 Qb6 10. Ne2 Bb7
11. dxc5 Bxc5 12. Ned4 Rc8 13. b4 Nxd4 14. Nxd4 Bxd4 15. Bxd4 Qc7 16. Bd3 f5 17. exf6 Nxf6 18. O-O O-O 19. a4 Ne4 20. Qe3 Nc3
21. Qxe6+
1-0

[Event "French Training"]
[Site "SchemingMind.com"]
[Date "2013.08.02"]
[Round "-"]
[White "Till Plewe"]
[Black "Olli Ylönen"]
[Result "1-0"]
[WhiteCountry "JPN"]
[BlackCountry "FIN"]
[WhiteElo "2344"]
[WhiteRD "72"]
[BlackElo "1839"]
[BlackRD "68"]
[GameID "335634"]

1. e4 e6 2. d4 d5 3. Nc3 Bb4 4. e5 c5 5. a3 Bxc3+ 6. bxc3 Ne7 7. Qg4 O-O 8. Bd3 f5 9. exf6 Rxf6 10. Bg5 Rf7
11. Qh5 g6 12. Qd1 Nbc6 13. Nf3 c4 14. Be2 Qa5 15. Bd2 Nf5 16. O-O Nd6 17. Ng5 Re7 18. f4 Bd7 19. Bf3 Rf8 20. Nh3 Ref7
21. Nf2 b5 22. Ng4 Nf5 23. Re1 Qd8 24. g3 h5 25. Nf2 Kh7 26. Nh3 Kh8 27. Ng5 Re7 28. a4 a6 29. axb5 axb5 30. Bc1 b4
31. cxb4 Nxb4 32. Ba3 Nc6 33. Bxe7 Qxe7 34. Bxd5 Nfxd4 35. c3 Qc5 36. Be4 Nf3+ 37. Kh1 Nxg5 38. Qxd7 Nxe4 39. Rxe4 e5 40. Rf1 Rd8
41. Qe6 Qd5 42. Qxd5 Rxd5 43. Rxc4
1-0

[Event "French Training"]
[Site "SchemingMind.com"]
[Date "2013.07.29"]
[Round "-"]
[White "Louis Lima"]
[Black "Till Plewe"]
[Result "0-1"]
[WhiteCountry "ESP"]
[BlackCountry "JPN"]
[WhiteElo "1910"]
[WhiteRD "67"]
[BlackElo "2395"]
[BlackRD "71"]
[GameID "335635"]

1. e4 e6 2. b3 d5 3. Bb2 dxe4 4. Nc3 Nf6 5. Qe2 Be7 6. O-O-O O-O 7. Nxe4 a5 8. a4 Nd5 9. Nf3 b6 10. h4 Nc6
11. Nfg5 h6 12. Qh5 Bb7 13. Bd3 Nf4
0-1

[Event "French Training"]
[Site "SchemingMind.com"]
[Date "2013.08.02"]
[Round "-"]
[White "Olli Ylönen"]
[Black "Till Plewe"]
[Result "0-1"]
[WhiteCountry "FIN"]
[BlackCountry "JPN"]
[WhiteElo "1844"]
[WhiteRD "58"]
[BlackElo "2364"]
[BlackRD "71"]
[GameID "335636"]

1. e4 e6 2. d4 d5 3. exd5 exd5 4. Bd3 Nc6 5. Nf3 Bd6 6. O-O Bg4 7. c3 Nge7 8. Re1 Qd7 9. Nbd2 O-O-O 10. b4 Rde8
11. b5 Nd8 12. c4 dxc4 13. Nxc4 Nd5 14. Rxe8 Rxe8 15. Bb2 Nf4 16. Nxd6+ Qxd6 17. h3 Bh5 18. Bf5+ Kb8 19. g3 Ne2+ 20. Kg2 Bxf3+
21. Kxf3 Qd5+ 22. Kg4 h5+
0-1

[Event "French Training"]
[Site "SchemingMind.com"]
[Date "2013.07.29"]
[Round "-"]
[White "alexyongpohweng"]
[Black "Louis Lima"]
[Result "0-1"]
[WhiteCountry "MAS"]
[BlackCountry "ESP"]
[WhiteElo "1089"]
[WhiteRD "113"]
[BlackElo "1911"]
[BlackRD "75"]
[GameID "335673"]

1. e4 e6 2. d4 d5 3. exd5 exd5 4. Qf3 Nf6 5. Bg5 Be7 6. Bxf6 Bxf6 7. c3 O-O 8. Bd3 Be6 9. Nh3 Re8 10. O-O Qd7
11. b3 Nc6 12. Nd2 Ne7 13. c4 Bxd4 14. cxd5 Bxd5 15. Qd1 Bxa1 16. Qxa1 Bxg2 17. Kxg2 Qxd3 18. Nf3 Nf5 19. Nf4 Qe4 20. Qc1 Nh4+
21. Kg3 Nxf3
0-1

[Event "French Training"]
[Site "SchemingMind.com"]
[Date "2013.08.03"]
[Round "-"]
[White "alexyongpohweng"]
[Black "Olli Ylönen"]
[Result "0-1"]
[WhiteCountry "MAS"]
[BlackCountry "FIN"]
[WhiteElo "1346"]
[WhiteRD "59"]
[BlackElo "1847"]
[BlackRD "59"]
[GameID "335674"]

1. e4 e6 2. d4 d5 3. e5 c5 4. dxc5 Bxc5 5. Nf3 Nc6 6. Bb5 Bd7 7. Bxc6 Bxc6 8. O-O Ne7 9. Nc3 O-O 10. b3 f6
11. exf6 Rxf6 12. Bg5 Rg6 13. Bxe7 Qxe7 14. Ne5 Rg5 15. Nf3 d4 16. Nxg5 Qxg5 17. f3 dxc3+ 18. Kh1 Qd2 19. Qxd2 cxd2 20. Rfd1 Rd8
21. h3 Bb5 22. a4 Be2
0-1

[Event "French Training"]
[Site "SchemingMind.com"]
[Date "2013.07.29"]
[Round "-"]
[White "alexyongpohweng"]
[Black "Till Plewe"]
[Result "0-1"]
[WhiteCountry "MAS"]
[BlackCountry "JPN"]
[WhiteElo "1089"]
[WhiteRD "113"]
[BlackElo "2372"]
[BlackRD "72"]
[GameID "335675"]

1. e4 e6 2. d4 d5 3. exd5 exd5 4. Qh5 Nf6 5. Qe5+ Be7 6. Qg5 O-O 7. Qg3 Bd6 8. Qd3 Re8+ 9. Be2 Nc6 10. Nf3 Nb4
11. Qd1 Bf5 12. Na3 Qe7 13. Be3 Ng4 14. Bd2 Nxc2+ 15. Kf1 Nxa1 16. Qxa1 Qxe2+
0-1

[Event "French Training"]
[Site "SchemingMind.com"]
[Date "2013.07.29"]
[Round "-"]
[White "Louis Lima"]
[Black "alexyongpohweng"]
[Result "1-0"]
[WhiteCountry "ESP"]
[BlackCountry "MAS"]
[WhiteElo "1911"]
[WhiteRD "75"]
[BlackElo "1089"]
[BlackRD "113"]
[GameID "335676"]

1. e4 e6 2. b3 Qf6 3. Nc3 Bb4 4. Bb2 Bxc3 5. Bxc3 e5 6. Nf3 d6 7. d4 Nd7 8. Be2 c6 9. O-O Ne7 10. dxe5 dxe5
11. Qd2 O-O 12. Rad1 c5 13. Bb5 a6 14. Bxd7 Bxd7 15. Bxe5 Qe6 16. Qxd7 Qxd7 17. Rxd7 Ng6 18. Bd6 Rfe8 19. e5 b6 20. Re1 Nf4
21. Bc7 b5 22. g3 Ne6 23. Bd6 c4 24. bxc4 bxc4 25. Rb1 Nd8 26. Rb4 c3 27. Rc4 Ne6 28. Rxc3 a5 29. Rb3 a4 30. Rbb7 Rf8
31. Bxf8 Nxf8 32. Rxf7 Ne6 33. Ra7 Rxa7 34. Rxa7 Nc5 35. Ra5 Kf7 36. Rxc5 a3 37. Ra5
1-0

[Event "French Training"]
[Site "SchemingMind.com"]
[Date "2013.08.03"]
[Round "-"]
[White "Olli Ylönen"]
[Black "alexyongpohweng"]
[Result "1-0"]
[WhiteCountry "FIN"]
[BlackCountry "MAS"]
[WhiteElo "1847"]
[WhiteRD "59"]
[BlackElo "1346"]
[BlackRD "59"]
[GameID "335677"]

1. e4 e6 2. d4 d6 3. Nc3 Nf6 4. Nf3 Be7 5. Bd3 O-O 6. O-O a6 7. Qe2 Nc6 8. Bg5 b5 9. a3 Bb7 10. Rfe1 h6
11. Bxf6 Bxf6 12. e5 dxe5 13. dxe5 Be7 14. Rad1 f6 15. exf6 Bxf6 16. Bh7+ Kxh7 17. Rxd8 Nxd8 18. Ne5 Bxe5 19. Qxe5 Rf5 20. Qxc7
1-0

[Event "French Training"]
[Site "SchemingMind.com"]
[Date "2013.07.30"]
[Round "-"]
[White "Till Plewe"]
[Black "alexyongpohweng"]
[Result "1-0"]
[WhiteCountry "JPN"]
[BlackCountry "MAS"]
[WhiteElo "2372"]
[WhiteRD "72"]
[BlackElo "1089"]
[BlackRD "113"]
[GameID "335678"]

1. e4 e6 2. d4 d6 3. Nc3 Nf6 4. f4 Be7 5. Bd3 O-O 6. Nf3 Nc6 7. a3 b6 8. O-O Bb7 9. e5 dxe5 10. dxe5 Nd5
11. Ne4 f6 12. exf6 Bxf6 13. Neg5 Bxg5 14. Nxg5 g6 15. Nxh7 Kxh7 16. Qh5+ Kg7 17. Qxg6+
1-0

[Event "French Training"]
[Site "SchemingMind.com"]
[Date "2013.07.31"]
[Round "-"]
[White "buddhastalin"]
[Black "Louis Lima"]
[Result "1-0"]
[WhiteCountry "USA"]
[BlackCountry "ESP"]
[WhiteElo "1427"]
[WhiteRD "75"]
[BlackElo "1771"]
[BlackRD "67"]
[GameID "335779"]

1. e4 e6 2. d4 c5 3. c3 d5 4. exd5 exd5 5. Nf3 Nc6 6. Bb5 Bd6 7. O-O Ne7 8. Re1 O-O 9. dxc5 Bxc5 10. Be3 Bd6
11. Nbd2 Nf5 12. Nb3 Nxe3 13. Rxe3 Bg4 14. Nbd4
1-0

[Event "French Training"]
[Site "SchemingMind.com"]
[Date "2013.07.31"]
[Round "-"]
[White "buddhastalin"]
[Black "alexyongpohweng"]
[Result "0-1"]
[WhiteCountry "USA"]
[BlackCountry "MAS"]
[WhiteElo "1358"]
[WhiteRD "67"]
[BlackElo "1309"]
[BlackRD "50"]
[GameID "335780"]

1. e4 e6 2. d4 d5 3. Nc3 dxe4 4. Nxe4 Nf6 5. Bg5 Be7 6. Bxf6 Bxf6 7. Nf3 O-O 8. Qd2 Nc6 9. O-O-O b6 10. c3 Bb7
11. Bd3 Re8 12. Ng3 a6 13. h4= h6 14. Nh5 e5 15. Nxf6+ Qxf6 16. Be4 exd4 17. Bxc6 Bxc6 18. Nxd4 Bb7 19. Rhg1 Qxh4 20. Rh1 Qg4
0-1

[Event "French Training"]
[Site "SchemingMind.com"]
[Date "2013.07.30"]
[Round "-"]
[White "buddhastalin"]
[Black "Till Plewe"]
[Result "0-1"]
[WhiteCountry "USA"]
[BlackCountry "JPN"]
[WhiteElo "1427"]
[WhiteRD "75"]
[BlackElo "2378"]
[BlackRD "70"]
[GameID "335782"]

1. e4 e6 2. d4 d5 3. Nc3 Bb4 4. Bd2 dxe4 5. Qg4 Nf6 6. Qxg7 Rg8 7. Qh6 Qxd4 8. Nge2 Qe5 9. O-O-O Nbd7 10. Bf4 Qa5
11. a3 Bf8 12. Qh3 e5 13. Bd2 Nb6 14. Nxe4 Nxe4
0-1

[Event "French Training"]
[Site "SchemingMind.com"]
[Date "2013.07.31"]
[Round "-"]
[White "Louis Lima"]
[Black "buddhastalin"]
[Result "0-1"]
[WhiteCountry "ESP"]
[BlackCountry "USA"]
[WhiteElo "1771"]
[WhiteRD "67"]
[BlackElo "1427"]
[BlackRD "75"]
[GameID "335783"]

1. e4 e6 2. b3 d5 3. Bb2 c5 4. exd5 exd5 5. Nf3 Nc6 6. Bb5 Nf6 7. Qe2+ Qe7 8. Bxf6 Qxe2+ 9. Kxe2 gxf6 10. Nc3 Be6
11. Rhe1 O-O-O 12. Kf1 Nb4
0-1

[Event "French Training"]
[Site "SchemingMind.com"]
[Date "2013.07.31"]
[Round "-"]
[White "alexyongpohweng"]
[Black "buddhastalin"]
[Result "1-0"]
[WhiteCountry "MAS"]
[BlackCountry "USA"]
[WhiteElo "1309"]
[WhiteRD "50"]
[BlackElo "1358"]
[BlackRD "67"]
[GameID "335784"]

1. e4 e6 2. d4 d5 3. e5 c5 4. dxc5 Bxc5 5. Nf3 Nc6 6. Bb5 Bd7 7. Bxc6 bxc6 8. O-O Ne7 9. Nc3 Ng6 10. Bg5 Be7
11. Bxe7 Qxe7 12. a3 c5 13. b4 cxb4 14. axb4 Qxb4 15. Ne2 Qe7 16. Nc3 a6 17. Ne2 O-O 18. Nc3 Rfc8 19. Na4 Bxa4 20. Rxa4
1-0

[Event "French Training"]
[Site "SchemingMind.com"]
[Date "2013.07.30"]
[Round "-"]
[White "Till Plewe"]
[Black "buddhastalin"]
[Result "1-0"]
[WhiteCountry "JPN"]
[BlackCountry "USA"]
[WhiteElo "2364"]
[WhiteRD "71"]
[BlackElo "1358"]
[BlackRD "67"]
[GameID "335786"]

1. e4 e6 2. d4 d5 3. Nc3 Bb4 4. e5 c5 5. a3 Bxc3+ 6. bxc3 Qa5 7. Bd2 Qa4 8. Qg4 Kf8 9. Qd1 c4 10. h4 Nc6
11. h5 h6 12. Rh4 Nge7 13. Rf4 Bd7 14. g3 a6 15. Bh3
1-0

[Event "French Training"]
[Site "SchemingMind.com"]
[Date "2013.08.01"]
[Round "-"]
[White "MKruger"]
[Black "Louis Lima"]
[Result "1-0"]
[WhiteCountry "GER"]
[BlackCountry "ESP"]
[WhiteElo "2017"]
[WhiteRD "89"]
[BlackElo "1911"]
[BlackRD "75"]
[GameID "335884"]

1. e4 e6 2. d4 c5 3. d5 exd5 4. exd5 d6 5. Nf3 Nf6 6. Nc3 Be7 7. Bb5+ Nbd7 8. a4 O-O 9. O-O a6 10. Be2 b6
11. Nd2 Ne8 12. Nc4 Bf6 13. Ne4 Ne5 14. Nxf6+ Nxf6 15. Nxe5 dxe5 16. c4 Ne8 17. a5 b5 18. Be3 bxc4 19. Bxc5 Nd6 20. Qa4 Bd7
21. Qa3 Nb5 22. Qe3 Re8 23. Bxc4 Qh4 24. Rac1 Nd4 25. f4 Nf5 26. Qf2 Qxf2+ 27. Rxf2 Bb5 28. Bxb5 axb5 29. d6 Rad8 30. fxe5 Rxe5
31. Bb6
1-0

[Event "French Training"]
[Site "SchemingMind.com"]
[Date "2013.08.01"]
[Round "-"]
[White "MKruger"]
[Black "alexyongpohweng"]
[Result "1-0"]
[WhiteCountry "GER"]
[BlackCountry "MAS"]
[WhiteElo "2017"]
[WhiteRD "89"]
[BlackElo "1089"]
[BlackRD "113"]
[GameID "335885"]

1. e4 e6 2. d4 d6 3. c4 c6 4. Nc3 Nf6 5. Nf3 b6 6. Be2 Be7 7. O-O O-O 8. Qc2 Bb7 9. e5 dxe5 10. dxe5 Nfd7
11. Bd3 g6 12. Bh6 Re8 13. Rad1 f6 14. Bxg6 hxg6 15. Qxg6+ Kh8 16. Qg7#
1-0

[Event "French Training"]
[Site "SchemingMind.com"]
[Date "2013.08.05"]
[Round "-"]
[White "MKruger"]
[Black "Olli Ylönen"]
[Result "1-0"]
[WhiteCountry "GER"]
[BlackCountry "FIN"]
[WhiteElo "2215"]
[WhiteRD "73"]
[BlackElo "1844"]
[BlackRD "58"]
[GameID "335886"]

1. e4 e6 2. d4 d5 3. Nc3 Bb4 4. e5 c5 5. a3 Bxc3+ 6. bxc3 Ne7 7. Qg4 O-O 8. Bd3 f5 9. exf6 Rxf6 10. Bg5 Rf7
11. Qh5 g6 12. Qd1 Nbc6 13. Nf3 c4 14. Be2 Bd7 15. h4 Qa5 16. h5 Nf5 17. hxg6 hxg6 18. Bd2 Rh7 19. Rxh7 Kxh7 20. Kf1 Qc7
21. Qc1 Rh8 22. Bf4 Qd8 23. Kg1 Kg7 24. Bg5 Nce7 25. Qf4 Qg8 26. g4 Qh7 27. Bf6+
1-0

[Event "French Training"]
[Site "SchemingMind.com"]
[Date "2013.08.01"]
[Round "-"]
[White "MKruger"]
[Black "buddhastalin"]
[Result "1-0"]
[WhiteCountry "GER"]
[BlackCountry "USA"]
[WhiteElo "2215"]
[WhiteRD "73"]
[BlackElo "1358"]
[BlackRD "67"]
[GameID "335887"]

1. e4 e6 2. d4 d5 3. e5 c5 4. c3 Nc6 5. Nf3 Qb6 6. a3 Bd7 7. b4 cxd4 8. cxd4 Rc8 9. Be3 Nh6 10. Bd3 Nf5
11. O-O Be7 12. Nbd2 O-O 13. Nb3 f6 14. Bxf5 exf5 15. Nc5 Qc7 16. Rc1 b6 17. e6 bxc5 18. exd7 Qxd7 19. dxc5 Rb8 20. Bf4
1-0

[Event "French Training"]
[Site "SchemingMind.com"]
[Date "2013.08.01"]
[Round "-"]
[White "MKruger"]
[Black "Till Plewe"]
[Result "1-0"]
[WhiteCountry "GER"]
[BlackCountry "JPN"]
[WhiteElo "2215"]
[WhiteRD "73"]
[BlackElo "2364"]
[BlackRD "71"]
[GameID "335888"]

1. e4 e6 2. d4 d5 3. Nc3 Bb4 4. e5 Ne7 5. a3 Bxc3+ 6. bxc3 c5 7. Qg4 Qc7 8. Qxg7 Rg8 9. Qxh7 cxd4 10. Ne2 Nbc6
11. f4 dxc3 12. h4 b6 13. Rh3 Ba6 14. Rxc3 Rc8 15. Ng3 Bxf1 16. Kxf1 d4 17. Rf3 Na5 18. Ne4 Qxc2 19. Nf6+ Kf8 20. Qh6+ Rg7
21. Qh8+ Rg8 22. Nxg8 Ng6 23. Qf6 Qd1+ 24. Kf2 Kxg8 25. Bb2 Qd2+ 26. Kg1 Qxb2 27. Raf1 Rc2 28. Rg3 Rc1 29. Rxc1 Qxc1+ 30. Kh2
1-0

[Event "French Training"]
[Site "SchemingMind.com"]
[Date "2013.08.01"]
[Round "-"]
[White "Louis Lima"]
[Black "MKruger"]
[Result "0-1"]
[WhiteCountry "ESP"]
[BlackCountry "GER"]
[WhiteElo "1911"]
[WhiteRD "75"]
[BlackElo "2017"]
[BlackRD "89"]
[GameID "335889"]

1. e4 e6 2. d4 d5 3. Nd2 Nf6 4. e5 Nfd7 5. Bd3 c5 6. c3 Nc6 7. Ne2 cxd4 8. cxd4 f6 9. exf6 Nxf6 10. O-O Bd6
11. Nf3 Qc7 12. Bg5 O-O 13. Rc1 h6 14. Bh4 Nh5 15. Bg6 Rxf3 16. gxf3 Bxh2+ 17. Kg2 Nf4+ 18. Nxf4 Bxf4 19. Bg3 Bd7 20. Rc3 Rf8
21. Rh1 Qd8 22. Rh4 Bg5 23. Rg4 Be8 24. Bxe8 Qxe8 25. Bd6 Be7 26. Bxe7 Qxe7 27. Qd2 Qf6 28. Kg3 h5 29. Rh4 Qg6+ 30. Kh2 Rf5
31. Rh3 Qf6 32. Rd3 h4 33. b4 Rf4
0-1

[Event "French Training"]
[Site "SchemingMind.com"]
[Date "2013.08.01"]
[Round "-"]
[White "alexyongpohweng"]
[Black "MKruger"]
[Result "0-1"]
[WhiteCountry "MAS"]
[BlackCountry "GER"]
[WhiteElo "1089"]
[WhiteRD "113"]
[BlackElo "2017"]
[BlackRD "89"]
[GameID "335890"]

1. e4 e6 2. d4 d5 3. e5 c5 4. dxc5 Nc6 5. Bb5 Bxc5 6. Bxc6+ bxc6 7. Nf3 Qb6 8. O-O Ba6 9. Nfd2 Bxf1 10. Qxf1 Bd4
11. c3 Bxe5 12. Nf3 Bd6 13. Nbd2 Nf6 14. b3 O-O 15. c4 Ng4 16. h3 Nxf2 17. Qxf2 Bc5 18. Nd4 Bxd4
0-1

[Event "French Training"]
[Site "SchemingMind.com"]
[Date "2013.08.05"]
[Round "-"]
[White "Olli Ylönen"]
[Black "MKruger"]
[Result "0-1"]
[WhiteCountry "FIN"]
[BlackCountry "GER"]
[WhiteElo "1844"]
[WhiteRD "58"]
[BlackElo "2215"]
[BlackRD "73"]
[GameID "335891"]

1. e4 e6 2. d4 d5 3. exd5 exd5 4. Bd3 Nc6 5. Nf3 Bg4 6. c3 Bd6 7. O-O Nge7 8. Re1 Qd7 9. Nbd2 O-O-O 10. b4 Rde8
11. b5 Nd8 12. c4 dxc4 13. Nxc4 Nd5 14. Rxe8 Rxe8 15. Bb2 f6 16. h3 Bh5 17. Nfe5 Bxd1 18. Nxd7 Re1+ 19. Bf1 Kxd7 20. Nxd6 cxd6
21. f3 Ne3 22. Kf2 Rxf1+ 23. Kxe3 Re1+ 24. Kf4 Re2 25. Bc3 Ne6+ 26. Kg3 Ba4
0-1

[Event "French Training"]
[Site "SchemingMind.com"]
[Date "2013.08.01"]
[Round "-"]
[White "buddhastalin"]
[Black "MKruger"]
[Result "0-1"]
[WhiteCountry "USA"]
[BlackCountry "GER"]
[WhiteElo "1668"]
[WhiteRD "97"]
[BlackElo "2101"]
[BlackRD "81"]
[GameID "335892"]

1. e4 e6 2. d4 d5 3. Nc3 Bb4 4. Bd2 dxe4 5. Qg4 Nf6 6. Qxg7 Rg8 7. Qh6 Qxd4 8. Nge2 Qe5 9. O-O-O Rg6 10. Qh4 Be7
11. Bf4 Qa5 12. Bg5 Qxg5+
0-1

[Event "French Training"]
[Site "SchemingMind.com"]
[Date "2013.08.01"]
[Round "-"]
[White "Till Plewe"]
[Black "MKruger"]
[Result "1/2-1/2"]
[WhiteCountry "JPN"]
[BlackCountry "GER"]
[WhiteElo "2364"]
[WhiteRD "71"]
[BlackElo "2215"]
[BlackRD "73"]
[GameID "335893"]

1. e4 e6 2. d4 d5 3. Nc3 Bb4 4. e5 c5 5. a3 Bxc3+ 6. bxc3 Qa5 7. Bd2 Qa4 8. Qg4 Kf8 9. Qd1 b6 10. c4 Ne7
11. cxd5 Qxd4 12. dxe6 Qxe5+ 13. Be2 Qxe6 14. Nf3 Ba6 15. Be3 Nd5 16. Ng5 Qd7 17. Bxa6 Nxa6 18. c4 Nf6 19. Qc2 h6 20. Nf3 Ng4
21. O-O Nxe3 22. fxe3 Qe7 23. Qf5 g6 24. Qf4 Kg7 25. Ne5 Rhf8 26. Rad1 Rae8 27. Nd7 Rh8 28. Ne5 Rhf8=
1/2-1/2

[Event "French Training"]
[Site "SchemingMind.com"]
[Date "2013.08.12"]
[Round "-"]
[White "jjb091"]
[Black "Louis Lima"]
[Result "1-0"]
[WhiteCountry "USA"]
[BlackCountry "ESP"]
[WhiteElo "1820"]
[WhiteRD "93"]
[BlackElo "1771"]
[BlackRD "67"]
[GameID "336460"]

1. e4 e6 2. d4 d6 3. Nc3 g6 4. Nf3 Bg7 5. Bc4 Ne7 6. O-O Nd7 7. Be3 b6 8. Qd2 h6 9. Rfe1 Bb7 10. d5 e5
11. a4 a6 12. a5 b5 13. Be2 f5 14. exf5 gxf5 15. Red1 f4 16. Bxf4 exf4 17. Qxf4
1-0

[Event "French Training"]
[Site "SchemingMind.com"]
[Date "2013.08.08"]
[Round "-"]
[White "jjb091"]
[Black "alexyongpohweng"]
[Result "1-0"]
[WhiteCountry "USA"]
[BlackCountry "MAS"]
[WhiteElo "1847"]
[WhiteRD "92"]
[BlackElo "1309"]
[BlackRD "50"]
[GameID "336461"]

1. e4 e6 2. d4 Nf6 3. e5 Nd5 4. Nf3 Bb4+ 5. c3 Be7 6. Bd3 O-O 7. a3 c6 8. O-O b6 9. Nbd2 d6 10. Nc4 dxe5
11. Nfxe5 b5 12. Nd2 Bd7 13. Qh5 Nf6 14. Qh3 h6 15. Ndf3 Nh7 16. Bxh6 f5 17. Ng6 Rf6 18. Nxe7+ Qxe7 19. Bg5 Nxg5 20. Nxg5 Rh6
21. Qg3 Rg6 22. h4 Kf8 23. Rfe1 Ke8 24. Bxf5 Rf6 25. Ne4 Rxf5 26. Nd6+ Kd8 27. Nxf5 Qf6 28. Nxg7 Ke7 29. Qg5 Qxg5 30. hxg5 Kf7
31. Nh5 Kg6 32. Nf4+ Kxg5 33. Nxe6+ Bxe6 34. Rxe6 Kf5 35. Re8 a6 36. Rae1 Kf6 37. R1e7 Kf5 38. Rb7 a5 39. Rexb8 Rxb8 40. Rxb8
1-0

[Event "French Training"]
[Site "SchemingMind.com"]
[Date "2013.08.12"]
[Round "-"]
[White "jjb091"]
[Black "Olli Ylönen"]
[Result "1/2-1/2"]
[WhiteCountry "USA"]
[BlackCountry "FIN"]
[WhiteElo "1767"]
[WhiteRD "78"]
[BlackElo "1824"]
[BlackRD "67"]
[GameID "336462"]

1. e4 e6 2. d4 d5 3. Nc3 Nf6 4. Bg5 dxe4 5. Nxe4 Be7 6. Bxf6 Bxf6 7. Nxf6+ Qxf6 8. Nf3 O-O 9. Bd3 c5 10. c3 cxd4
11. cxd4 Nc6 12. Bb5 Bd7 13. O-O a6 14. Ba4 b5 15. Bb3 Rfd8 16. a4 bxa4 17. Bxa4 Nxd4 18. Nxd4 Bxa4 19. Rxa4 e5 20. Qf3 exd4
21. Qxf6 gxf6 22. Rd1 Rd5 23. Raxd4 Rxd4= 24. Rxd4 Rb8 25. b4 a5 26. Kf1 axb4 27. Rd1 Kg7 28. Ke2 Kg6 29. Rb1 h5 30. Kf3 Kg5
31. g3 f5 32. Rb3 f6 33. h3 h4 34. gxh4+ Kxh4 35. Ke2 Rb5 36. Kd2 f4 37. Ke2 f5 38. Kd2 Rd5+ 39. Kc2 Rc5+ 40. Kd2 Rc3
41. Rxb4 Rxh3 42. Rxf4+ Kg5=
1/2-1/2

[Event "French Training"]
[Site "SchemingMind.com"]
[Date "2013.08.08"]
[Round "-"]
[White "jjb091"]
[Black "buddhastalin"]
[Result "1-0"]
[WhiteCountry "USA"]
[BlackCountry "USA"]
[WhiteElo "1847"]
[WhiteRD "92"]
[BlackElo "1358"]
[BlackRD "67"]
[GameID "336463"]

1. e4 e6 2. d4 d5 3. Nc3 Bb4 4. e5 c5 5. a3 Bxc3+ 6. bxc3 Qa5 7. Bd2 Qa4 8. Qg4 Kf8 9. Qd1 b6 10. dxc5 bxc5
11. Nf3 Ba6 12. Bd3 Bxd3 13. cxd3 Qxd1+ 14. Rxd1
1-0

[Event "French Training"]
[Site "SchemingMind.com"]
[Date "2013.08.07"]
[Round "-"]
[White "jjb091"]
[Black "Till Plewe"]
[Result "0-1"]
[WhiteCountry "USA"]
[BlackCountry "JPN"]
[WhiteElo "1820"]
[WhiteRD "93"]
[BlackElo "2378"]
[BlackRD "70"]
[GameID "336464"]

1. e4 e6 2. d4 d5 3. Nc3 Bb4 4. e5 Ne7 5. a3 Bxc3+ 6. bxc3 c5 7. Qg4 Qc7 8. Qxg7 Rg8 9. Qxh7 cxd4 10. Ne2 Nbc6
11. f4 dxc3 12. Qd3 d4 13. Ng3 Bd7 14. Ne4 O-O-O 15. Nd6+ Kb8 16. Rb1 b6 17. Qa6 Nf5 18. a4 Ka8 19. Nxf7 Bc8 20. Qc4 Qxf7
21. Qxc6+ Bb7 22. Qb5 Nh4 23. a5 Nxg2+ 24. Bxg2 Rxg2 25. Rf1 Qh7 26. Rf2 Rg1+ 27. Rf1 Qh4+ 28. Ke2 d3+ 29. cxd3 Rg2+ 30. Ke3 Qh3+
0-1

[Event "French Training"]
[Site "SchemingMind.com"]
[Date "2013.08.08"]
[Round "-"]
[White "jjb091"]
[Black "MKruger"]
[Result "0-1"]
[WhiteCountry "USA"]
[BlackCountry "GER"]
[WhiteElo "1820"]
[WhiteRD "93"]
[BlackElo "2137"]
[BlackRD "80"]
[GameID "336465"]

1. e4 e6 2. d4 d5 3. Nc3 Bb4 4. e5 c5 5. a3 Bxc3+ 6. bxc3 Qa5 7. Bd2 Qa4 8. Qg4 Kf8 9. Qd1 b6 10. dxc5 bxc5
11. Nf3 Ne7 12. Bd3 Ba6 13. O-O Nd7 14. Be3 Nc6 15. Rb1 h6 16. Bxa6 Qxa6 17. Qd3 c4 18. Qe2 Kg8 19. Bf4 Qxa3 20. Rb7 Nc5
21. Rc7 Qa6 22. Nd4 Rc8 23. Rxc8+ Qxc8 24. Ra1 a6 25. Be3 Nxe5 26. Qd1 Ned7 27. Qb1 Kh7 28. Nf3 Qc7 29. Qb4 Rb8 30. Qa5 Qxa5
31. Rxa5 Rb1+
0-1

[Event "French Training"]
[Site "SchemingMind.com"]
[Date "2013.08.12"]
[Round "-"]
[White "Louis Lima"]
[Black "jjb091"]
[Result "1/2-1/2"]
[WhiteCountry "ESP"]
[BlackCountry "USA"]
[WhiteElo "1910"]
[WhiteRD "67"]
[BlackElo "1762"]
[BlackRD "100"]
[GameID "336466"]

1. e4 e6 2. d4 d5 3. exd5 exd5 4. Bd3 Bd6 5. Nf3 Ne7 6. O-O O-O 7. Re1 Nbc6 8. Nbd2 Bf5 9. Nf1 Qd7 10. c3 Rfe8
11. Ne3 Bxd3 12. Qxd3 Ng6 13. g3 Nce7 14. c4 c6 15. Bd2 Rad8 16. cxd5=
1/2-1/2

[Event "French Training"]
[Site "SchemingMind.com"]
[Date "2013.08.10"]
[Round "-"]
[White "alexyongpohweng"]
[Black "jjb091"]
[Result "0-1"]
[WhiteCountry "MAS"]
[BlackCountry "USA"]
[WhiteElo "1309"]
[WhiteRD "50"]
[BlackElo "1847"]
[BlackRD "92"]
[GameID "336467"]

1. e4 e6 2. d4 d5 3. e5 c5 4. dxc5 Nc6 5. Nf3 Bxc5 6. Bb5 Ne7 7. O-O Qc7 8. Bxc6+ bxc6 9. Nc3 Ba6 10. Na4 Bxf1
11. Nxc5 Qb6 12. Kxf1 Qxc5 13. c3 Rf8 14. Be3 Qb5+ 15. Kg1 Nf5 16. b4 Nxe3 17. fxe3 O-O-O 18. a4 Qb6 19. Qd4 Qxd4 20. Nxd4 Kd7
21. b5 c5 22. Nc6 Ra8 23. Na5 f5 24. Nb3 c4 25. Nd4 f4 26. exf4 Rxf4 27. Ne2 Re4 28. Ng3 Rxe5 29. h4 Re3 30. Nf1 Rxc3
31. Nd2 Rf8 32. Nf3 Rfxf3 33. gxf3 Rxf3 34. Kg2 Rf5 35. Kg3 d4 36. Kg4 d3 37. Rd1 Rd5 38. Kf4 c3 39. Ke4 c2 40. Rc1 d2
0-1